| 000 | 00961nam a2200265Ia 4500 | ||
|---|---|---|---|
| 005 | 20170706110115.0 | ||
| 010 | _aBAC-EN21 ENG-111803 | ||
| 020 |
_a9789332517196 _c335.00 |
||
| 035 | _aEN-95335 | ||
| 035 | _aB-589941-973 | ||
| 035 | _aB-668099 | ||
| 037 |
_bTechniz/Ven _adpl |
||
| 037 | _bDBAD/PUB | ||
| 082 | _a519.5 | ||
| 100 | _aLakin, Steve | ||
| 245 |
_aHow to use statistics / _cby Steve Lakin |
||
| 260 |
_c2014 _aNew Delhi _bPearson India |
||
| 270 |
_a11 Community Centre,Panchsheel Park _bNew Delhi _e110017 |
||
| 300 |
_c22cm(pbk) _axv,283p. |
||
| 490 | _aSmarter study skills | ||
| 650 |
_a Mathematical statistics _vTextbooks. |
||
| 942 |
_cEN _2ddc _mLAK _h519.5 |
||
| 999 |
_c88171 _d88171 |
||